Taylor swift Red (TV) A to Z - Statistics

General Stats
  • This quiz has been taken 85 times
  • The average score is 23 of 28
Answer Stats
Hint Answer % Correct
A All Too Well
98%
# 22
94%
R Red
94%
The Moment I Knew
94%
W We Are Never Ever GettingBack Together
94%
I Bet You Think About Me
93%
Ronan
91%
I Knew You Were Trouble
89%
State of Grace
87%
Treacherous
87%
E Everything Has Changed
85%
Run
85%
F Forever Winter
81%
Starlight
81%
C Come Back... Be Here
80%
Stay Stay Stay
80%
B Babe
78%
Begin Again
78%
Better Man
78%
M Message in a Bottle
78%
The Very First Night
78%
N Nothing New
76%
H Holy Ground
74%
G Girl At Home
72%
I I Almost Do
72%
T The Last Time
70%
S Sad Beautiful Tragic
69%
The Lucky One
69%
No matching quizzes found
Score Distribution
Percent of People with Each Score
Percentile by Number Answered
Your Score History
You have not taken this quiz